• 首页
  • 本馆介绍
  • 公告通知
  • 最新文献
  • 馆藏检索
  • 电子资源
  • 读者导购
  • 参考咨询
  • 我的图书馆
  • 登录
  • 详细信息显示
  • 放入我的书架
  • 预约/预借图书
  • 作者相关作品
  • 分类相关作品
  • 丛书相关作品
  • 出版社相关作品

书目信息

  • 表格格式
  • 工作单格式
  • 卡片格式
题名:
黄土高原土壤侵蚀治理的生态环境效应
    
 
作者: 姚文艺 编
分册:  
出版信息: 北京   科学出版社  2005.60
页数:
开本: 16开
丛书名:
单 册:
中图分类: S157.1
科图分类:
主题词: 土壤学
电子资源:
ISBN: 7-03-015187-9
000 00577nam0 2200181 450
001 0736196517
005 20070924100316.51
010    @a7-03-015187-9@d¥45.00
100    @a20070924d km y0chiy0120 ea
101 0  @achi
200 1  @a黄土高原土壤侵蚀治理的生态环境效应@Ahuang tu gao yuan tu rang qin shi zhi li de sheng tai huan jing xiao ying@f姚文艺 等编@Fyao wen yi deng bian
210    @a北京@c科学出版社@d2005.60
215    @d16开
606 0  @a土壤学
690    @aS157.1@v3
701  0 @a姚文艺@Ayao wen yi@4编
801  0 @aCN@bPFT@c20070924
905    @a213230@dS157.1@eZY12@f1
    
    黄土高原土壤侵蚀治理的生态环境效应/姚文艺 等编.-北京:科学出版社,2005.60
    16开
    
    
    ISBN 7-03-015187-9:¥45.00
    
●
相关链接 在E读中查询图书 在五车中查询图书 在当当中查询图书 在豆瓣中查询图书


正题名:黄土高原土壤侵蚀治理的生态环境效应     索取号:S157.1/ZY12         预约/预借

序号 登录号 条形码 馆藏地/架位号 状态 备注
1 7901816   279018162   密集书库-资源管理系/ [索取号:S157.1/ZY12] 在馆    
唐山师范学院图书馆 欢迎您!
大连网信软件有限公司© 版权所有